1471 2000 1099 1983 1092 1428 1743 1218 1420 1167 1080 1790 1319 1146 1771 1483 1368 1373 1178 1634 1667 1172 1413 1165 1794 1714 1301 1455 1110 1675 1882 1123 1641 1717 1852 1090 1411 1927 1654 1658 1424 1320 1877 1345 1377 1869 1179 1508 1488 1639 1574 1858 1992 1810 1876 1092 1840 1025 1188 1703 1391 1824 1563 1390 1556 1390 1757 1115 1031 1394 1393 1207 1899 1948 1604 1651 1221 1566 1807 1835 1984 1493 1473 1490 1534 1412 1369 1158 1853 1353 1756 1453 1479 1762 1975 1649 1822 1699 1750 BCNSPRNW ULIB Ver.6.0+V

เปลี่ยนเป็นภาษาไทย

Change to English
 แสดงรายละเอียดบรรณานุกรม
  กลับหน้าหลัก

Brief Record : Get Marc (ISO 2709) : E-mail record : QR code < ปิดหน้าต่าง
LEADER : 00000nam 2200000uu 4500
001    13399120710
003     ULIB
008    121005s2549||||th 000 0 tha d
020    ^a9749406524
060 04 ^aWS200^bส181ป
245 00 ^aปัญหาโรคเด็กที่พบบ่อย /^cสถาบันสุขภาพเด็กแห่งชาติมหาราชินี; บรรณาธิการ, ศรีศุภลักษณ์ สิงคาลวณิช ... [และคนอื่นๆ]
250    ^aพิมพ์ครั้งที่ 1
260    ^aกรุงเทพฯ :^bกรุงเทพเวชสาร,^c2549
300    ^aก-ฎ, 553 หน้า :^bภาพประกอบ (ภาพสีบางภาพ) ;^c30 ซม.
650  7 ^aกุมารเวชศาสตร์
650  7 ^aเด็ก, โรค
650  7 ^aโรค^xในวัยทารกและวัยเด็ก
700 0  ^aศรีศุภลักษณ์ สิงคาลวณิช,^eบรรณาธิการ
710 2  ^aสถาบันสุขภาพเด็กแห่งชาติมหาราชินี
945    ^p500^l0^i14760
995    ^aทศพร
999    ^aทศพร เกษรทอง
รายการนี้ยังไม่มีแท็ก
คุณยังไม่ได้ล็อกอิน คุณสามารถมีกิจกรรมร่วมกับเว็บไซต์ได้ แต่ต้องล็อกอินก่อน ::
  ล็อกอิน

รายการสื่อสารสนเทศ

ลำดับที่ ประเภท เลขเรียก/บาร์โค้ด สถานที่ สถานะ
1. วิทยาศาสตร์การแพทย์ และสุขภาพ
วิทยาศาสตร์การแพทย์ และสุขภาพ
WS200 ส181ป ฉ.2 
  Barcode: 14760
ห้องสมุดวิทยาเขตสวรรค์ประชารักษ์
►หนังสือทั่วไป
บนชั้น

รายการใกล้เคียง
    หัวเรื่อง [กุมารเวชศาสตร์]
    หัวเรื่อง [เด็ก, โรค]
    หัวเรื่อง [โรค ในวัยทารกและวัยเด็ก]

BibComment


ยังไม่เคยถูกคอมเมนท์

คอมเมนท์ทรัพยากรรายการนี้
  คอมเมนท์: ปัญหาโรคเด็กที่พ..


 Copyright 2026. Bcnsprnw @Library